Constitutional Relations Between Britain and India: The Transfer of power 1942-7, Vol.-7, The Cabinet Mission, 23 March - 29 June 1946 / (Record no. 22276)

MARC details
000 -LEADER
fixed length control field 02770cam a2200421 4500
001 - CONTROL NUMBER
control field 1245377
003 - CONTROL NUMBER IDENTIFIER
control field BDDh-ASL
005 - DATE AND TIME OF LATEST TRANSACTION
control field 20231015030118.0
008 - FIXED-LENGTH DATA ELEMENTS--GENERAL INFORMATION
fixed length control field 710223m19701983enkbh b 001 0 eng
010 ## - LIBRARY OF CONGRESS CONTROL NUMBER
LC control number 72129254
015 ## - NATIONAL BIBLIOGRAPHY NUMBER
National bibliography number B70-17210 (v. 1)
020 ## - INTERNATIONAL STANDARD BOOK NUMBER
International Standard Book Number 0115800166 (v. 1)
040 ## - CATALOGING SOURCE
Original cataloging agency DLC
Transcribing agency DLC
Modifying agency DLC
Language of cataloging BDDh-ASL
043 ## - GEOGRAPHIC AREA CODE
Geographic area code a-ii---
050 00 - LIBRARY OF CONGRESS CALL NUMBER
Classification number DS480.83
Item number .T7
082 00 - DEWEY DECIMAL CLASSIFICATION NUMBER
Classification number 327.4205
Item number CON
245 04 - TITLE STATEMENT
Title Constitutional Relations Between Britain and India: The Transfer of power 1942-7, Vol.-7, The Cabinet Mission, 23 March - 29 June 1946 /
Statement of responsibility, etc. editor-in-chief Nicholas Mansergh, assistant editor E. W. R. Lumby.
260 ## - PUBLICATION, DISTRIBUTION, ETC.
Place of publication, distribution, etc. London:
Name of publisher, distributor, etc. H.M.S.O.,
Date of publication, distribution, etc. 1970-1983.
-- 1977.
300 ## - PHYSICAL DESCRIPTION
Extent v-7, 1130 p. :
Other physical details facsims., col. maps.
Dimensions 28 cm.
350 ## - PRICE (NR) (BK AM CF MU VM SE) [OBSOLETE]
Price £7/-/- (v. 1) varies
500 ## - GENERAL NOTE
General note At head of title: Constitutional relations between Britain and India.
500 ## - GENERAL NOTE
General note On spine: India; the transfer of power 1942-7.
500 ## - GENERAL NOTE
General note Unpublished documents drawn either from the official archives of the India Office in the custody of the India Office Records or from the private collections of the Viceregal papers in the India Office Library.
500 ## - GENERAL NOTE
General note Beginning with v. 5, assistant editor P. Moon.
504 ## - BIBLIOGRAPHY, ETC. NOTE
Bibliography, etc. note Includes bibliographical references.
505 0# - FORMATTED CONTENTS NOTE
Formatted contents note v. 1. The Cripps Mission, January-April 1942.--v. 2. Quit India, 30 April-21 September 1942.--v. 3. Reassertion of authority, Gandhi's fast, and the succession to the Viceroyalty, 21 September 1942-12 June 1943.--v. 4. The Bengal famine and the new Viceroyalty, 15 June 1943-31 August 1944.--v. 5. The Simla Conference, background and proceedings, 1 September 1944-28 July 1945.--v. 6. The post-war phase: new moves by the Labour Government, 1 August 1945-22 March 1946.--v. 7. The cabinet mission, 23 March-29 June 1946.--v. 8. The interim government, 3 July-1 November 1946.--v. 9. The fixing of a time limit, 4 November 1946-22 March 1947.--v. 10. The Mountbatten Viceroyalty, the formation of a plan, 22 March-30 May 1947.--v. 11. The Mountbatten Viceroyalty announcement and reception of the 3 June plan 31 May-7 July 1947.--v. 12. The Mountbatten Viceroyalty, princes, partition, and independence, 8 July-15 August 1947.
651 #0 - SUBJECT ADDED ENTRY--GEOGRAPHIC NAME
Geographic name India
General subdivision Politics and government
Chronological subdivision 1919-1947
General subdivision Sources.
651 #0 - SUBJECT ADDED ENTRY--GEOGRAPHIC NAME
Geographic name India
General subdivision History
Chronological subdivision British occupation, 1765-1947
General subdivision Sources.
700 1# - ADDED ENTRY--PERSONAL NAME
Personal name Mansergh, Nicholas,
Relator term ed.
700 1# - ADDED ENTRY--PERSONAL NAME
Personal name Lumby, E. W. R.
Fuller form of name (Esmond Walter Rawson),
Relator term ed.
700 1# - ADDED ENTRY--PERSONAL NAME
Personal name Moon, Penderel,
Dates associated with a name 1905-
710 2# - ADDED ENTRY--CORPORATE NAME
Corporate name or jurisdiction name as entry element India Office Records.
710 2# - ADDED ENTRY--CORPORATE NAME
Corporate name or jurisdiction name as entry element India Office Library.
740 ## - ADDED ENTRY--UNCONTROLLED RELATED/ANALYTICAL TITLE
Uncontrolled related/analytical title Constitutional relations between Britain and India.
740 ## - ADDED ENTRY--UNCONTROLLED RELATED/ANALYTICAL TITLE
Uncontrolled related/analytical title India; the transfer of power 1942-7.
906 ## - LOCAL DATA ELEMENT F, LDF (RLIN)
a 7
b cbc
c orignew
d 4
e ncip
f 19
g y-gencatlg
942 ## - ADDED ENTRY ELEMENTS (KOHA)
Source of classification or shelving scheme Dewey Decimal Classification
Koha item type Books
Holdings
Withdrawn status Lost status Source of classification or shelving scheme Damaged status Not for loan Collection code Home library Current library Shelving location Date acquired Source of acquisition Serial Enumeration / chronology Total Checkouts Full call number Barcode Date last seen Copy number Price effective from Koha item type Public note
    Dewey Decimal Classification   Not For Loan Non-fiction Asiatic Society Library Asiatic Society Library General Stacks 02/24/2021 ASB Library Collections V-7   327.4205 CON 106477 02/24/2021 C-1 02/24/2021 Books RARE

Powered by Koha